Normal view
MARC view
Entry Personal Name
001 - CONTROL NUMBER
- control field: 19823
003 - CONTROL NUMBER IDENTIFIER
- control field: BD-ChCU
005 - DATE AND TIME OF LATEST TRANSACTION
- control field: 20260128101636.0
008 - FIXED-LENGTH DATA ELEMENTS
- fixed length control field: 260128|| aca||aabn | a|a d
040 ## - CATALOGING SOURCE
- Original cataloging agency: BD-ChCU
100 ## - HEADING--PERSONAL NAME
- Personal name: E. S. Quade & W. I. Boucher. ed.